Proyectos catastrales para titulación de tierras en la península de Nicoya ejecutados por el Instituto de Tierras y Colonización y el Instituto Geográfico Nacional

Salvato in:
Dettagli Bibliografici
Autore principale: Barrantes Ferrero, Mario
Natura: testo
Lingua:Spanish
Pubblicazione: San José: MOPT. Instituto Geográfico Nacional
Tags: Aggiungi Tag
Nessun Tag, puoi essere il primo ad aggiungerne!!

MARC

LEADER 00000 a a2200000 04500
001 17257
003 cru CIDCACS/IIS
005 20231129144601.0
008 231129b |||||||| |||| 00| 0 spa d
040 |a CRAI/IIS  |c cru CIDCACS/IIS 
090 |a 18.04.01 B268p 
100 |a Barrantes Ferrero, Mario  
245 |a Proyectos catastrales para titulación de tierras en la península de Nicoya ejecutados por el Instituto de Tierras y Colonización y el Instituto Geográfico Nacional  
260 |a San José:   |b MOPT. Instituto Geográfico Nacional  
300 |a 8 p.  
942 |2 z  |c LI  |h 18.04.01 B268p  |i 09096  |6 180401_B268P_09096 
999 |c 7143  |d 7143